| 000 | 01129 a2200229 4500 | ||
|---|---|---|---|
| 001 | 63463 | ||
| 005 | 20260407155932.0 | ||
| 008 | 260407a1975 arg spa d | ||
| 003 | AR-UNSa-BCEJYS | ||
| 040 |
_aAR-UNSa-BCEJYS _bspa _cAR-UNSa-BCEJYS |
||
| 080 |
_a504.75 _xEcología y medio ambiente humanos |
||
| 245 | 1 | 0 |
_aPoblación, recursos, medio ambiente _paspectos de ecología humana |
| 020 | _a978-84-282-0390-6 | ||
| 264 | 1 |
_aBarcelona : _bEdiciones Omega _c1975 |
|
| 300 |
_axiv, 537 p. _c24 cm. |
||
| 505 | _a1. La crisis – 2. Números de habitantes – 3. Estructura de la población y previsiones – 4. Los límites de la tierra – 5. Producción de alimentos – 6. Amenazas ambientales para el hombre – 7. Ecosistemas en peligro – 8. Población óptima y biología humana – 9. Control de natalidad – 10. Población familiar y control de población – 11. Cambios políticos, sociales y económicos – 12. La escena internacional – 13. Conclusiones – | ||
| 041 | _aspa | ||
| 942 | _cBK | ||
| 590 | _aniveau_biblio:m niveau_hierar:0 | ||
| 100 | 1 | _aEhrlich, Paul R. | |
| 700 | 1 | _aEhrlich, Anne H. | |
| 999 |
_c8180 _d8180 |
||